Statistics for Tessa Virtue

Click here to take the quiz!

General Stats

  • This quiz has been taken 12 times
  • The average score is 3 of 6

Answer Stats

HintAnswer% Correct
Who is her partner?Scott Moir
92%
What sport does she compete in?Figure Skating
75%
Age28
50%
Mother's nameKate Virtue
42%
Father's nameJim Virtue
33%
Date of birth e.x. March 7, 2007May 17, 1988
8%

Score Distribution

Percentile by Number Answered

Percent of People with Each Score

Your Score History

You have not taken this quiz